[Event "World Rapid Women 2018"]
[Site "St Petersburg RUS"]
[Date "2018.12.27"]
[Round "6.61"]
[White "Borisova, Ekaterina"]
[Black "Lelekova, Olga"]
[Result "0-1"]
[BlackTitle "WIM"]
[WhiteElo "2244"]
[BlackElo "2261"]
[WhiteFideId "34124184"]
[BlackFideId "4164903"]
[EventDate "2018.12.26"]

1. d4 Nf6 2. c4 g6 3. g3 Bg7 4. Bg2 O-O 5. Nc3 d6 6. Nf3 Nbd7 7. O-O e5 8. dxe5
dxe5 9. Qc2 c6 10. Rd1 Qc7 11. b3 Nc5 12. Ba3 Bf5 13. Qc1 b6 14. Nh4 Bg4 15. h3
Be6 16. Bxc5 bxc5 17. e4 Rad8 18. Qa3 Nd7 19. Nf3 f5 20. Ng5 Rf6 21. Rd3 Bf8 22.
Rad1 f4 23. Nxe6 Rxe6 24. h4 Rd6 25. Kh2 Nf6 26. Rxd6 Bxd6 27. Bf3 h6 28. Na4 g5
29. hxg5 hxg5 30. gxf4 exf4 31. e5 g4 32. Rxd6 Qh7+ 33. Kg1 Rxd6 34. exd6 gxf3
35. Qxc5 Qg6+ 36. Kf1 Qb1# 0-1

[Event "World Rapid Women 2018"]
[Site "St Petersburg RUS"]
[Date "2018.12.27"]
[Round "6.62"]
[White "Diakonova, Ekaterina"]
[Black "Bogumil, Tatiana"]
[Result "0-1"]
[BlackTitle "WGM"]
[WhiteElo "2225"]
[BlackElo "2114"]
[WhiteFideId "24172936"]
[BlackFideId "4110579"]
[EventDate "2018.12.26"]

1. e4 g6 2. d4 Bg7 3. Nc3 c6 4. Nf3 d6 5. h3 b5 6. Bd3 Bb7 7. O-O Nd7 8. a4 b4
9. Ne2 a5 10. c4 bxc3 11. bxc3 Ba6 12. Bxa6 Rxa6 13. Qd3 Qc8 14. Nd2 c5 15. d5
Ngf6 16. Nc4 O-O 17. f4 Nb6 18. Be3 Nfd7 19. Rfb1 Na8 20. Bf2 Nc7 21. Bg3 Qa8
22. Na3 f5 23. Rd1 fxe4 24. Qxe4 Nf6 25. Qxe7 Ncxd5 26. Qe6+ Kh8 27. Nc1 Re8 28.
Qf7 Ra7 29. Qxa7 Qxa7 30. Nb5 Qb8 31. Nb3 Nh5 32. Bf2 Nxc3 33. Nxc3 Bxc3 34.
Rab1 Bb4 35. Nxa5 Qa8 36. Nc4 Nxf4 0-1

[Event "World Rapid Women 2018"]
[Site "St Petersburg RUS"]
[Date "2018.12.27"]
[Round "7.1"]
[White "Ju, Wenjun"]
[Black "Muzychuk, Mariya"]
[Result "1/2-1/2"]
[WhiteTitle "GM"]
[BlackTitle "GM"]
[WhiteElo "2575"]
[BlackElo "2540"]
[WhiteFideId "8603006"]
[BlackFideId "14114550"]
[EventDate "2018.12.26"]

1. d4 d5 2. c4 e6 3. Nf3 Nf6 4. g3 Bb4+ 5. Bd2 Be7 6. Bg2 O-O 7. O-O c6 8. Qc2
b6 9. Rd1 Nbd7 10. Bf4 Bb7 11. Ne5 Nh5 12. Bd2 Nhf6 13. cxd5 cxd5 14. Nc6 Bxc6
15. Qxc6 Qc8 16. Qxc8 Raxc8 17. Nc3 a6 18. a4 Ne8 19. e3 Nd6 20. b3 Nb8 21. Rac1
Nc6 22. Na2 a5 23. Bf1 Nb8 24. f3 f5 25. Nc3 Kf7 26. Kf2 Rc7 27. Nb5 Nxb5 28.
Bxb5 Rfc8 29. Rxc7 Rxc7 30. Rc1 Rxc1 31. Bxc1 Bd6 32. e4 h6 33. Ke3 Ke7 34. Bd3
fxe4 35. fxe4 dxe4 36. Bxe4 Nd7 37. Kd3 Nf6 38. Bf3 Kd7 39. Kc4 Kc7 40. Be3 g5
41. Bg2 Ng4 42. Bg1 Nf6 43. Bh3 Kd7 44. Bg2 Kc7 45. Bf3 Be7 46. Be3 Bd6 47. Bd2
Kd7 48. Kb5 Kc7 49. Kc4 Kd7 50. Be3 Kc7 51. Bf2 Be7 52. Be1 Bd6 53. Bf2 Be7 54.
g4 Bd6 55. h3 Bf4 56. Be1 Ne8 57. b4 axb4 58. Bxb4 Nd6+ 59. Kd3 Kd7 60. Bd1 Kc7
61. Bb3 Kd7 62. Ke2 Bc1 63. Kd3 Bf4 64. Bc2 Kc7 65. Kc3 Kd7 66. Bd3 Bg3 67. Bc2
Be1+ 68. Kb3 Bf2 69. Bc3 Kc6 70. Kb4 Kd5 71. Bb3+ Ke4 72. Bc2+ Kf3 73. Bb3 Ke4
74. Bc2+ Kf3 75. Bb3 Ke4 1/2-1/2

[Event "World Rapid Women 2018"]
[Site "St Petersburg RUS"]
[Date "2018.12.27"]
[Round "7.2"]
[White "Saduakassova, Dinara"]
[Black "Tan, Zhongyi"]
[Result "1/2-1/2"]
[WhiteTitle "IM"]
[BlackTitle "GM"]
[WhiteElo "2472"]
[BlackElo "2508"]
[WhiteFideId "13700090"]
[BlackFideId "8603642"]
[EventDate "2018.12.26"]

1. d4 Nf6 2. c4 e6 3. Nc3 Bb4 4. Qc2 O-O 5. Nf3 d6 6. Bd2 b6 7. g3 Bb7 8. Bg2
Nbd7 9. O-O c5 10. dxc5 Nxc5 11. Rad1 Qe7 12. Bf4 e5 13. Bg5 Bxc3 14. Qxc3 Rac8
15. b3 Rfd8 16. Qe3 h6 17. Bxf6 Qxf6 18. Rd2 Ne4 19. Rd3 Nc5 20. Rd2 Ne4 21. Rd3
Nc5 1/2-1/2

[Event "World Rapid Women 2018"]
[Site "St Petersburg RUS"]
[Date "2018.12.27"]
[Round "7.3"]
[White "Arabidze, Meri"]
[Black "Abdumalik, Zhansaya"]
[Result "0-1"]
[WhiteTitle "IM"]
[BlackTitle "IM"]
[WhiteElo "2387"]
[BlackElo "2470"]
[WhiteFideId "13604040"]
[BlackFideId "13703544"]
[EventDate "2018.12.26"]

1. d4 Nf6 2. c4 g6 3. Nc3 d5 4. Nf3 Bg7 5. cxd5 Nxd5 6. Na4 a5 7. e4 Nb4 8. Be3
O-O 9. Be2 b6 10. O-O Bb7 11. a3 N4a6 12. Nc3 Nd7 13. e5 e6 14. Ng5 c5 15. f4
cxd4 16. Bxd4 Ndc5 17. Nb5 h6 18. Nf3 Bd5 19. Be3 Nb3 20. Rb1 Nac5 21. Nd6 a4
22. Bc4 Bc6 23. Nd4 Nxd4 24. Bxd4 Ne4 25. Bb5 Bd5 26. Nc4 Nc5 27. Nd6 Ne4 28.
Nc4 Nc5 29. Nd6 Ra7 30. Bxc5 bxc5 31. Bc4 Bc6 32. Rf2 g5 33. g3 gxf4 34. gxf4
Qh4 35. Bf1 f6 36. Bg2 Bxg2 37. Rxg2 Qxf4 38. Qe2 fxe5 39. Ne4 Raf7 40. Rd1 Kh8
41. Nxc5 Qf5 42. Ne4 Qh3 43. Rg3 Qh4 44. Re1 Rf4 45. Qg2 Bf6 46. Re2 Bd8 47. h3
R4f5 48. Kh2 Qh5 49. Rg4 Rf4 50. Ng3 Qf7 51. Ne4 Kh7 52. Nd6 Qe7 53. Ne4 Bb6 54.
Rg3 Qf7 55. Rg4 Qh5 56. Rg7+ Kh8 57. Rg4 Rf3 58. Ng3 Qf7 59. Ne4 Bd4 60. Rg6
Qf4+ 61. Ng3 Kh7 62. Rg4 Qf7 63. Ne4 Rf1 64. Nd6 Qh5 65. Qb7+ R8f7 66. Nxf7 Rxf7
67. Qe4+ Qf5 68. Qg2 h5 69. Rg5 Qf4+ 70. Qg3 Kh6 71. Rg6+ Kh7 72. Rxe6 Bg1+ 73.
Kg2 Qf1+ 74. Kh1 Bf2+ 0-1

[Event "World Rapid Women 2018"]
[Site "St Petersburg RUS"]
[Date "2018.12.27"]
[Round "7.4"]
[White "Stefanova, Antoaneta"]
[Black "Muzychuk, Anna"]
[Result "1/2-1/2"]
[WhiteTitle "GM"]
[BlackTitle "GM"]
[WhiteElo "2486"]
[BlackElo "2569"]
[WhiteFideId "2902257"]
[BlackFideId "14111330"]
[EventDate "2018.12.26"]

1. d4 d5 2. c4 c6 3. cxd5 cxd5 4. Bf4 Nc6 5. Nc3 Nf6 6. e3 Bg4 7. Qb3 Na5 8.
Qa4+ Bd7 9. Qc2 e6 10. Bd3 Nc6 11. Qe2 Be7 12. Rc1 O-O 13. Nf3 Nh5 14. Bg3 f5
15. Nd2 g6 16. f4 Nf6 17. Bh4 Qb6 18. Nf3 Ne4 19. Bxe7 Nxe7 20. Ne5 Rfd8 21.
Bxe4 dxe4 1/2-1/2

[Event "World Rapid Women 2018"]
[Site "St Petersburg RUS"]
[Date "2018.12.27"]
[Round "7.5"]
[White "Lei, Tingjie"]
[Black "Khademalsharieh, Sarasadat"]
[Result "1/2-1/2"]
[WhiteTitle "GM"]
[BlackTitle "IM"]
[WhiteElo "2453"]
[BlackElo "2470"]
[WhiteFideId "8605114"]
[BlackFideId "12512214"]
[EventDate "2018.12.26"]

1. d4 Nf6 2. c4 e6 3. g3 d5 4. Bg2 Bb4+ 5. Nd2 O-O 6. Nf3 b6 7. O-O Bb7 8. Ne5
Nc6 9. Qa4 Bd6 10. Nxc6 Qe8 11. Qc2 Bxc6 12. b3 dxc4 13. Bxc6 Qxc6 14. Qxc4 Qb7
15. Bb2 Rac8 16. b4 b5 17. Qb3 Ne4 18. Nf3 Qd5 19. Rfc1 Ra8 20. Qxd5 exd5 21. a4
a6 22. Ne5 Nd2 23. Rc2 Nc4 24. Nc6 Nb6 25. a5 Nc4 26. Bc3 Rfe8 27. Ne5 Bxe5 28.
dxe5 Rad8 29. Rd1 c6 30. Bd4 Re6 31. f4 Rde8 32. Kf2 f6 33. exf6 gxf6 34. Bc5
Re4 35. Rd3 Kf7 36. e3 h5 37. Kf3 Rg8 38. Bd4 f5 39. Rd1 Re6 40. Rg1 Reg6 41. h3
Ke6 42. Bc5 Kf7 43. Rcg2 Re8 44. g4 hxg4+ 45. hxg4 fxg4+ 46. Rxg4 Nd2+ 47. Ke2
Rxg4 48. Rxg4 Nb3 49. Bd6 d4 50. Be5 dxe3 51. Kxe3 c5 52. bxc5 Nxc5 53. Rg7+ Ke6
54. Rc7 Kd5 55. Kd2 Nb3+ 56. Kd3 Nxa5 57. Rd7+ Kc5 58. Bd4+ Kc6 59. Ra7 Nb3 60.
Rxa6+ Kd5 61. Bf2 Nc1+ 62. Kc3 Re4 63. f5 b4+ 64. Kd2 Re2+ 65. Kxc1 1/2-1/2

[Event "World Rapid Women 2018"]
[Site "St Petersburg RUS"]
[Date "2018.12.27"]
[Round "7.6"]
[White "Khotenashvili, Bela"]
[Black "Lagno, Kateryna"]
[Result "1/2-1/2"]
[WhiteTitle "GM"]
[BlackTitle "GM"]
[WhiteElo "2479"]
[BlackElo "2560"]
[WhiteFideId "13602640"]
[BlackFideId "14109336"]
[EventDate "2018.12.26"]

1. d4 Nf6 2. Bg5 d5 3. Bxf6 gxf6 4. e3 c5 5. Bb5+ Nc6 6. dxc5 e6 7. Nd2 Bxc5 8.
Ngf3 Rg8 9. O-O a6 10. Be2 e5 11. c4 Bh3 12. Ne1 d4 13. Nb3 Ba7 14. exd4 Nxd4
15. Nxd4 Bxd4 16. Qb3 Qd7 17. Bf3 O-O-O 18. Bxb7+ Kc7 19. Bd5 Rb8 20. Qa3 Rxb2
21. Rd1 Rbb8 22. Rd3 Bf5 23. Rb3 Qd6 24. Qa5+ Bb6 25. Qc3 Bd4 26. Qf3 Bg6 27.
Qh3 Rxb3 28. axb3 Rb8 29. Qf3 Qb6 30. g3 Qxb3 31. Qxf6 Qb6 32. Qe7+ Kc8 33. Qe8+
Kc7 34. Qe7+ Kc8 35. Nf3 Qc5 36. Qf6 Rb6 37. Qh8+ Kc7 38. Nxd4 Qxd4 39. Qf8 Rd6
40. Qe7+ Rd7 41. Qa3 Rd6 42. Ra1 Be4 43. Qa5+ Kd7 44. Bxe4 Qxe4 45. c5 Rc6 46.
Rd1+ Ke6 47. Qd8 Kf5 48. h3 Kg6 49. Qg8+ Kf6 50. Rd7 Qe1+ 51. Kg2 Qe4+ 52. Kh2
Qg6 53. Qh8+ Kf5 54. Qe8 Rf6 55. Qc8 Kg5 56. h4+ Kh6 57. Qf8+ Qg7 58. Qxg7+ Kxg7
59. Kg2 Rc6 60. Ra7 1/2-1/2

[Event "World Rapid Women 2018"]
[Site "St Petersburg RUS"]
[Date "2018.12.27"]
[Round "7.7"]
[White "Koneru, Humpy"]
[Black "Zhao, Xue"]
[Result "0-1"]
[WhiteTitle "GM"]
[BlackTitle "GM"]
[WhiteElo "2541"]
[BlackElo "2485"]
[WhiteFideId "5008123"]
[BlackFideId "8601283"]
[EventDate "2018.12.26"]

1. Nf3 Nf6 2. c4 e6 3. b3 d5 4. Bb2 c5 5. e3 Nc6 6. cxd5 exd5 7. Bb5 Be7 8. Ne5
Qb6 9. Nxc6 bxc6 10. Be2 a5 11. Nc3 a4 12. Nxa4 Rxa4 13. Bxf6 Bxf6 14. bxa4 Bxa1
15. Qxa1 O-O 16. O-O Bf5 17. Qe5 Bc2 18. h4 Qb4 19. Qc3 Qxc3 20. dxc3 Ra8 21.
Rc1 Bxa4 22. c4 d4 23. e4 f5 24. exf5 Rb8 25. g4 Rb2 26. Bd3 Rxa2 27. Kf1 Rd2
28. Be4 d3 29. Ra1 Bb3 30. Ra8+ Kf7 31. Ra7+ Kf8 32. Ra8+ Ke7 33. Ra7+ Kd6 34.
Rxg7 Rd1+ 35. Kg2 d2 36. Bf3 Re1 37. f6 Bxc4 38. f7 Ke7 39. g5 Bd5 0-1

[Event "World Rapid Women 2018"]
[Site "St Petersburg RUS"]
[Date "2018.12.27"]
[Round "7.8"]
[White "Mammadova, Gulnar"]
[Black "Goryachkina, Aleksandra"]
[Result "0-1"]
[WhiteTitle "IM"]
[BlackTitle "GM"]
[WhiteElo "2368"]
[BlackElo "2518"]
[WhiteFideId "13403508"]
[BlackFideId "4147103"]
[EventDate "2018.12.26"]

1. e4 c6 2. d4 d5 3. e5 Bf5 4. Nf3 e6 5. Be2 c5 6. O-O Nc6 7. Be3 Bg4 8. c3 Nge7
9. Nbd2 Nf5 10. h3 Bxf3 11. Nxf3 Be7 12. Bd3 c4 13. Bc2 b5 14. b4 h6 15. a4 a6
16. Bd2 g5 17. g4 Ng7 18. Nh2 h5 19. f4 gxf4 20. Qf3 hxg4 21. hxg4 Kd7 22. Qxf4
Rh3 23. axb5 axb5 24. Rxa8 Qxa8 25. Qxf7 Qh8 26. Nf3 Rg3+ 27. Kf2 Rxg4 28. Ra1
Qh3 29. Ra8 Rg2+ 30. Ke3 Nf5+ 0-1

[Event "World Rapid Women 2018"]
[Site "St Petersburg RUS"]
[Date "2018.12.27"]
[Round "7.9"]
[White "Assaubayeva, Bibisara"]
[Black "Harika, Dronavalli"]
[Result "1-0"]
[WhiteTitle "FM"]
[BlackTitle "GM"]
[WhiteElo "2372"]
[BlackElo "2494"]
[WhiteFideId "13708694"]
[BlackFideId "5015197"]
[EventDate "2018.12.26"]

1. d4 d6 2. c4 g6 3. Nc3 Bg7 4. e4 Nf6 5. f3 O-O 6. Be3 c5 7. Nge2 Nc6 8. d5 Ne5
9. Ng3 e6 10. Be2 b5 11. Nxb5 exd5 12. cxd5 Rb8 13. Qd2 Qb6 14. b4 Nfd7 15. Rc1
a6 16. bxc5 dxc5 17. Nc3 Qb4 18. O-O h5 19. f4 h4 20. Nh1 Nc4 21. Bxc4 Qxc4 22.
Nf2 Qb4 23. e5 Nb6 24. Nd3 Qa5 25. Bxc5 Nxd5 26. Bxf8 Bxf8 27. Ne4 Qxd2 28. Nxd2
Bf5 29. Nc5 Rb2 30. Nde4 Rxa2 31. Nd6 h3 32. Rf2 Rxf2 33. Kxf2 Nxf4 34. g3 Ne6
35. Nxa6 Bg7 36. Rc8+ Kh7 37. Nxf7 Bxe5 38. Nxe5 Ng5 39. Rc7+ Kg8 40. Nc5 1-0

[Event "World Rapid Women 2018"]
[Site "St Petersburg RUS"]
[Date "2018.12.27"]
[Round "7.11"]
[White "Dzagnidze, Nana"]
[Black "Voit, Daria"]
[Result "1/2-1/2"]
[WhiteTitle "GM"]
[BlackTitle "FM"]
[WhiteElo "2513"]
[BlackElo "2358"]
[WhiteFideId "13601903"]
[BlackFideId "4182146"]
[EventDate "2018.12.26"]

1. c4 e5 2. Nc3 Nf6 3. Nf3 Nc6 4. e3 Bb4 5. Qc2 Bxc3 6. Qxc3 e4 7. Nd4 O-O 8.
Nxc6 bxc6 9. b3 c5 10. Bb2 d6 11. Be2 Qe7 12. O-O Ne8 13. f3 Bb7 14. fxe4 Bxe4
15. Bf3 f6 16. d4 Bxf3 17. Rxf3 cxd4 18. exd4 c6 19. Re1 Qd7 20. Rfe3 Rf7 21. d5
cxd5 22. cxd5 Nc7 23. Qc6 Rd8 24. Bc3 h6 25. Ba5 Rb8 26. Qxd7 Rxd7 27. Re7 Rxe7
28. Rxe7 Nxd5 29. Rxa7 Rc8 30. a4 Rb8 31. b4 Nxb4 32. Bc7 Re8 33. Bxd6 Re1+ 34.
Kf2 Nd3+ 35. Kf3 Ne5+ 36. Bxe5 Rxe5 37. Rd7 Re1 38. a5 Ra1 39. Rd5 Kf7 40. h4
Ra3+ 41. Kf2 Ra2+ 42. Kg3 g6 43. Rb5 h5 44. Rb7+ Ke6 45. Rb6+ Kf5 46. a6 Ra3+
47. Kf2 g5 48. g3 Kg6 49. Rc6 gxh4 50. gxh4 Ra4 51. Kg3 Rg4+ 52. Kh3 Ra4 1/2-1/2

[Event "World Rapid Women 2018"]
[Site "St Petersburg RUS"]
[Date "2018.12.27"]
[Round "7.12"]
[White "Berend, Elvira"]
[Black "Ushenina, Anna"]
[Result "1/2-1/2"]
[WhiteTitle "WGM"]
[BlackTitle "GM"]
[WhiteElo "2332"]
[BlackElo "2440"]
[WhiteFideId "4000510"]
[BlackFideId "14110911"]
[EventDate "2018.12.26"]

1. d4 d5 2. Nf3 e6 3. g3 c5 4. c3 Nf6 5. Bg2 Nc6 6. O-O Be7 7. Nbd2 cxd4 8. cxd4
O-O 9. Nb3 Qb6 10. Bg5 h6 11. Bxf6 Bxf6 12. e3 Be7 13. Ne1 Bd7 14. Nd3 Na5 15.
Nbc5 Bb5 16. Re1 Rfc8 17. Bf1 Bxd3 18. Nxd3 Rc7 19. Qf3 Nc4 20. Qe2 Rac8 21.
Rac1 Qa5 22. a3 Qb6 23. Bg2 Qb5 24. Bf1 b6 25. Rc3 Nd6 26. Rxc7 Rxc7 27. Rc1
Rxc1 28. Nxc1 Qc6 29. Nd3 Bf6 30. Nb4 Qc1 31. Nd3 Qb1 32. Qe1 Qc2 33. Qc1 Qc4
34. Qd1 Qc7 35. Qc1 Qd7 36. Qc2 g6 37. Nf4 Kg7 38. Bd3 Bg5 39. Ne2 Bf6 40. Nf4
Bg5 41. Ne2 Bf6 42. Nf4 Bg5 43. Ne2 1/2-1/2

[Event "World Rapid Women 2018"]
[Site "St Petersburg RUS"]
[Date "2018.12.27"]
[Round "7.13"]
[White "Girya, Olga"]
[Black "Mamedjarova, Zeinab"]
[Result "1-0"]
[WhiteTitle "WGM"]
[BlackTitle "WGM"]
[WhiteElo "2454"]
[BlackElo "2338"]
[WhiteFideId "4195752"]
[BlackFideId "13401521"]
[EventDate "2018.12.26"]

1. d4 d5 2. Nf3 Nf6 3. c4 e6 4. Nc3 Be7 5. Bg5 O-O 6. e3 dxc4 7. Bxc4 a6 8. O-O
b5 9. Bd3 Bb7 10. Bxf6 Bxf6 11. Qc2 h6 12. Ne4 Nd7 13. Rac1 Rc8 14. Rfd1 Be7 15.
Ne5 Nxe5 16. dxe5 Qe8 17. Nc5 Bd5 18. b3 f5 19. exf6 Rxf6 20. e4 Ba8 21. e5 Rf4
22. Nxe6 Rg4 23. Bf1 Ba3 24. Qf5 Rg6 25. Nxc7 Rxc7 26. Rxc7 Bf8 27. Rc8 1-0

[Event "World Rapid Women 2018"]
[Site "St Petersburg RUS"]
[Date "2018.12.27"]
[Round "7.14"]
[White "Doan, Thi Van Anh"]
[Black "Gunina, Valentina"]
[Result "0-1"]
[WhiteTitle "WFM"]
[BlackTitle "GM"]
[WhiteElo "1950"]
[BlackElo "2496"]
[WhiteFideId "12400491"]
[BlackFideId "4167570"]
[EventDate "2018.12.26"]

1. d4 Nf6 2. Nf3 e6 3. c4 b6 4. Nc3 Bb7 5. Qc2 d5 6. cxd5 exd5 7. Bg5 Be7 8. e3
O-O 9. Bd3 h6 10. Bh4 c5 11. O-O Nc6 12. dxc5 bxc5 13. a3 d4 14. Rfd1 dxc3 15.
Bxf6 Nd4 16. Bxd4 cxd4 17. Nxd4 Qd5 18. Bf1 cxb2 19. Qxb2 Rab8 20. Qc2 Bf6 21.
Rab1 Rfc8 22. Qe2 Qa5 23. Qg4 h5 24. Qf5 Qxf5 25. Nxf5 Be4 26. Rxb8 Rxb8 27. Nd6
Rd8 28. Be2 Bc2 29. Rd2 Bg6 30. Nc4 Rb8 31. f3 h4 32. Kf2 h3 33. g3 Bf5 34. e4
Be6 35. f4 g6 36. Ne3 Be7 37. f5 gxf5 38. exf5 Bb3 39. Bf1 Bxa3 40. Bxh3 a5 41.
g4 a4 42. g5 Bc5 43. g6 fxg6 44. fxg6 Rf8+ 45. Ke2 Re8 46. Rd3 Bc4 47. Kd2 Bxd3
48. Nd5 Rd8 49. Be6+ Kg7 50. Kxd3 a3 51. Kc3 a2 52. Kb2 Ra8 0-1

[Event "World Rapid Women 2018"]
[Site "St Petersburg RUS"]
[Date "2018.12.27"]
[Round "7.15"]
[White "Nguyen, Thi Mai Hung"]
[Black "Javakhishvili, Lela"]
[Result "1-0"]
[WhiteTitle "WGM"]
[BlackTitle "IM"]
[WhiteElo "2280"]
[BlackElo "2464"]
[WhiteFideId "12401676"]
[BlackFideId "13601458"]
[EventDate "2018.12.26"]

1. d4 d6 2. Nf3 Nf6 3. g3 g6 4. Bg2 Bg7 5. O-O O-O 6. a4 c5 7. a5 Na6 8. c3 Rb8
9. Re1 Qc7 10. e4 e5 11. Na3 exd4 12. cxd4 Qxa5 13. Bf4 Ne8 14. Nc4 Qb5 15. Nxd6
Nxd6 16. Bxd6 Bg4 17. e5 Rbd8 18. dxc5 Rfe8 19. Nd4 Qd7 20. Qa4 Qc8 21. c6 Nb8
22. c7 Rxd6 23. cxb8=Q 1-0

[Event "World Rapid Women 2018"]
[Site "St Petersburg RUS"]
[Date "2018.12.27"]
[Round "7.16"]
[White "Ovod, Evgenija"]
[Black "Paehtz, Elisabeth"]
[Result "1-0"]
[WhiteTitle "IM"]
[BlackTitle "IM"]
[WhiteElo "2367"]
[BlackElo "2487"]
[WhiteFideId "4131827"]
[BlackFideId "4641833"]
[EventDate "2018.12.26"]

1. e4 Nf6 2. e5 Nd5 3. d4 d6 4. c4 Nb6 5. exd6 cxd6 6. Nc3 g6 7. Be3 Bg7 8. Rc1
O-O 9. b3 Bf5 10. Nf3 Bg4 11. Be2 d5 12. c5 Nc8 13. h3 Bxf3 14. Bxf3 e6 15. b4
Nc6 16. b5 Na5 17. O-O Ne7 18. Ne2 Nf5 19. g4 Nxe3 20. fxe3 Qg5 21. Nf4 Rad8 22.
Ng2 b6 23. cxb6 axb6 24. Rc7 Rc8 25. Rd7 Qh6 26. h4 g5 27. h5 Nc4 28. e4 Rcd8
29. Rxd8 Rxd8 30. exd5 exd5 31. Be2 Qe6 32. Rf5 h6 33. Bf3 Ne3 34. Nxe3 Qxe3+
35. Kg2 Rc8 36. Bxd5 Rc1 37. Rxf7 Kh8 38. Rf3 Rxd1 39. Rxe3 Bxd4 40. Re6 Rd2+
41. Kf3 Kg7 42. Rg6+ Kh7 43. Be4 Rf2+ 44. Kg3 Rf4 45. Bf5 Bf2+ 46. Kg2 Bd4 47.
Rxb6+ Kg7 48. Rg6+ Kf8 49. Rxh6 Rf2+ 50. Kg3 Rxa2 51. Kf3 Rb2 52. Ke4 Bf2 53.
Bd7 Ke7 54. Bc6 Rb4+ 55. Kf5 Rf4+ 56. Kxg5 Be3 57. Rh7+ Kf8 58. Kh4 Rf2 59. Kg3
Rf1 60. Rd7 Bf4+ 61. Kg2 Rb1 62. Kf3 Rf1+ 63. Ke4 Bg3 64. h6 Rf4+ 65. Ke3 Rxg4
66. Kf3 Rg6 67. h7 Be5 68. Rd8+ Ke7 69. h8=Q Bxh8 70. Rxh8 1-0

[Event "World Rapid Women 2018"]
[Site "St Petersburg RUS"]
[Date "2018.12.27"]
[Round "7.17"]
[White "Zhukova, Natalia"]
[Black "Danielian, Elina"]
[Result "1-0"]
[WhiteTitle "GM"]
[BlackTitle "GM"]
[WhiteElo "2377"]
[BlackElo "2427"]
[WhiteFideId "14101513"]
[BlackFideId "13300210"]
[EventDate "2018.12.26"]

1. c4 c5 2. Nf3 Nf6 3. Nc3 Nc6 4. d4 cxd4 5. Nxd4 e6 6. g3 Qb6 7. Ndb5 Ne5 8.
Bg2 d6 9. Qa4 Nfd7 10. Be3 Qd8 11. Ne4 Ng4 12. Nexd6+ Bxd6 13. Nxd6+ Kf8 14. Rd1
Nxe3 15. fxe3 Qc7 16. Qa3 Kg8 17. O-O Ne5 18. Nb5 Qb6 19. c5 1-0

[Event "World Rapid Women 2018"]
[Site "St Petersburg RUS"]
[Date "2018.12.27"]
[Round "7.18"]
[White "Dordzhieva, Dinara"]
[Black "Bodnaruk, Anastasia"]
[Result "0-1"]
[WhiteTitle "WIM"]
[BlackTitle "IM"]
[WhiteElo "2340"]
[BlackElo "2420"]
[WhiteFideId "24157570"]
[BlackFideId "4181751"]
[EventDate "2018.12.26"]

1. d4 Nf6 2. c4 g6 3. g3 d5 4. cxd5 Nxd5 5. Bg2 Bg7 6. e4 Nb6 7. Ne2 c5 8. d5 e6
9. O-O exd5 10. exd5 O-O 11. Nec3 Bf5 12. h3 Na6 13. g4 Bd7 14. Bf4 Nc4 15. Qb3
Ne5 16. Nd2 Nb4 17. Bg3 f5 18. f4 Nf7 19. a3 Nd3 20. Qc2 c4 21. Nxc4 Nc5 22. g5
Rc8 23. h4 Ne4 24. Nxe4 fxe4 25. Qb3 Bf5 26. Ne5 Qd6 27. Rad1 Nxe5 28. fxe5 Bxe5
29. Bxe5 Qxe5 30. d6+ Kh8 31. Rd5 Qe6 32. d7 Rcd8 33. Qc3+ Kg8 34. Rfd1 Rf7 35.
Re5 Qb6+ 36. Kh1 Rfxd7 37. Rxd7 Rxd7 38. Re8+ Kf7 39. Rh8 Rd1+ 40. Kh2 Qg1+ 0-1

[Event "World Rapid Women 2018"]
[Site "St Petersburg RUS"]
[Date "2018.12.27"]
[Round "7.19"]
[White "Haussernot, Cecile"]
[Black "Cramling, Pia"]
[Result "0-1"]
[WhiteTitle "WIM"]
[BlackTitle "GM"]
[WhiteElo "2196"]
[BlackElo "2465"]
[WhiteFideId "601632"]
[BlackFideId "1700030"]
[EventDate "2018.12.26"]

1. e4 c5 2. Nf3 e6 3. d4 cxd4 4. Nxd4 a6 5. Bd3 Bc5 6. Nb3 Be7 7. O-O d6 8. Kh1
Nf6 9. Nc3 b5 10. a4 b4 11. Ne2 Bb7 12. f3 Nbd7 13. Qe1 d5 14. Ng3 Qc7 15. Be3
h5 16. exd5 Nxd5 17. Bd4 e5 18. Bf2 g6 19. h3 O-O 20. Ne4 f5 21. Ned2 Nf4 22.
Bh4 Qd8 23. Bc4+ Kh7 24. Bg3 Bg5 25. Rd1 Qc7 26. Bh4 Qd8 27. Bf2 Rc8 28. Kh2 h4
29. Rg1 Qe7 30. Na5 Ba8 31. Ndb3 Nf6 32. Bxh4 Bxh4 33. Qxh4+ Kg7 34. Rge1 Ng4+
35. Kg3 Nh5+ 36. Qxh5 f4+ 0-1

[Event "World Rapid Women 2018"]
[Site "St Petersburg RUS"]
[Date "2018.12.27"]
[Round "7.20"]
[White "Batsiashvili, Nino"]
[Black "Garcia Martin, Marta"]
[Result "1-0"]
[WhiteTitle "GM"]
[BlackTitle "FM"]
[WhiteElo "2459"]
[BlackElo "2301"]
[WhiteFideId "13602993"]
[BlackFideId "32084030"]
[EventDate "2018.12.26"]

1. Nf3 Nf6 2. e3 b6 3. c4 Bb7 4. b3 g6 5. Bb2 Bg7 6. Nc3 O-O 7. Be2 e6 8. Qc2 c5
9. O-O Nc6 10. Rad1 d5 11. cxd5 exd5 12. d4 Qe7 13. dxc5 bxc5 14. Na4 Ne4 15.
Bxg7 Kxg7 16. Qb2+ f6 17. Rc1 Rac8 18. Nd2 Ne5 19. Nxe4 dxe4 20. Qc3 Rfd8 21.
Rfd1 Rxd1+ 22. Rxd1 h5 23. h3 Kh7 24. Nb2 Qe6 25. Nc4 Nxc4 26. Bxc4 Qe7 27. Qd2
Rc7 28. Qd8 Qg7 29. h4 Bc6 30. Rd6 f5 31. Bg8+ 1-0

[Event "World Rapid Women 2018"]
[Site "St Petersburg RUS"]
[Date "2018.12.27"]
[Round "7.21"]
[White "Mammadzada, Gunay"]
[Black "Galliamova, Alisa"]
[Result "0-1"]
[WhiteTitle "IM"]
[BlackTitle "IM"]
[WhiteElo "2422"]
[BlackElo "2444"]
[WhiteFideId "13403729"]
[BlackFideId "4129725"]
[EventDate "2018.12.26"]

1. e4 e5 2. Nf3 Nc6 3. Bb5 g6 4. c3 Bg7 5. d4 exd4 6. cxd4 a6 7. Ba4 b5 8. Bc2
d6 9. d5 Na5 10. Bd2 c5 11. Bc3 Nf6 12. b3 b4 13. Bb2 c4 14. Bd4 Bg4 15. bxc4
Nxc4 16. Ba4+ Kf8 17. O-O Rc8 18. Re1 Nd7 19. Bxd7 Qxd7 20. Bxg7+ Kxg7 21. Qd4+
f6 22. Nbd2 Na3 23. Qb2 Bxf3 24. Nxf3 Nc2 25. Nd4 Nxa1 26. Ne6+ Kf7 27. Rxa1 Rc4
28. h4 Rhc8 29. Re1 Qa7 30. Re3 a5 31. Qe2 Rc3 32. h5 Rxe3 33. hxg6+ hxg6 34.
fxe3 Rc3 35. Nd4 Qe7 36. Qf3 Qe5 37. Qh3 Kg8 38. Qg4 Rc7 39. Nf3 Qe8 40. Qf4 Qe7
41. Qg4 Kh7 42. Nd4 a4 43. Qh4+ Kg8 44. Qg4 Kf7 45. Qh4 Ke8 46. Qh8+ Kd7 47.
Qh3+ Ke8 48. Qh8+ Qf8 49. Qh4 Kf7 50. Ne6 Rc1+ 51. Kh2 Qg8 52. e5 dxe5 53. Qxb4
Qa8 54. Qd6 Qe8 55. Qb6 g5 56. Kg3 Kg6 57. Qd6 Qh8 58. Nf8+ Kf7 59. Nd7 Qh4+ 60.
Kf3 e4+ 0-1